00272 a2200109 4500001000700000020000600007040001100013100000600024240006400030245005900094362000900153169645 a  cMagnum a-10aPreguntas-respuestas para ninos: ? de donde viene ...?lESP10aPreguntas-respuestas para ninos: ? de donde viene ...?0 a1899